LEADER 01456nam a2200385 i 4500 001 991000962159707536 005 20020507180648.0 008 990126s1989 us ||| | eng 020 $a0821860151 035 $ab10781778-39ule_inst 035 $aLE01304943$9ExL 040 $aDip.to Matematica$beng 082 0 $a512.5 084 $aAMS 14-06 084 $aAMS 14D25 084 $aAMS 14L30 084 $aAMS 14M17 084 $aAMS 15A72 084 $aAMS 20G05 084 $aAMS 22E46 084 $aQA381.G73 110 2 $aCanadian Mathematical Society$0116646 245 10$aGroup actions and invariant theory :$bproceedings of the 1988 Montreal conference, held August 1-6, 1988 /$cA. Bialynicki-Birula ... [et al.], editors 260 $aProvidence, R.I. :$bPublished by the American Mathematical Society for the Canadian Mathematical Society,$cc1989 300 $ax, 228 p. ;$c26 cm. 490 0 $aConference proceedings [Canadian Mathematical Society] ;$v10 650 0$aGroup actions (Mathematics)$xCongresses 650 0$aInvariants$xCongresses 700 1 $aBialynicki-Birula, Andrzej 907 $a.b10781778$b23-02-17$c28-06-02 912 $a991000962159707536 945 $aLE013 14-XX BIA11 (1989)$g1$i2013000111117$lle013$o-$pE0.00$q-$rl$s- $t0$u3$v0$w3$x0$y.i10881426$z28-06-02 996 $aGroup actions and invariant theory$9921949 997 $aUNISALENTO 998 $ale013$b01-01-99$cm$da $e-$feng$gus $h0$i1 LEADER 01510nas 2200445-a 450 001 9910893183203321 005 20260218110858.0 035 $a(CKB)991042730915128 035 $a(CONSER)---91648598- 035 $a(DE-599)ZDB2533859-6 035 $a(DE-599)2533859-6 035 $a(EXLCZ)99991042730915128 100 $a19900710a19899999 --- - 101 0 $aita 181 $ctxt$2rdacontent 182 $cc$2rdamedia 183 $acr$2rdacarrier 200 00$aAnnali di architettura $erivista del Centro internazionale di studi di architettura Andrea Palladio 210 $aMilano $cElecta$dİ1989- 210 3 $aVenezia, Italy $cCentro Internazionale di Studi di Architettura Andrea Palladio 215 $a1 online resource 300 $aRefereed/Peer-reviewed 311 08$aPrint version: Annali di architettura : 1124-7169 (DLC) 91648598 (OCoLC)21986013 606 $aArchitecture$vPeriodicals 606 $aArchitecture$zItaly$vPeriodicals 606 $aArchitecture$2fast$3(OCoLC)fst00813346 606 $aSocieties$2fast$3(OCoLC)fst01123785 607 $aItaly$2fast 608 $aPeriodicals.$2fast 615 0$aArchitecture 615 0$aArchitecture 615 7$aArchitecture. 615 7$aSocieties. 676 $a720/.5 712 02$aCentro internazionale di studi di architettura "Andrea Palladio" di Vicenza. 906 $aJOURNAL 912 $a9910893183203321 920 $aexl_impl conversion 996 $aAnnali di architettura$9801207 997 $aUNINA